Vegas Golden Knights 2025-2026 Roster - Statistics

General Stats
  • This quiz has been taken 22 times
    21 since last reset
  • The average score is 16 of 24
Answer Stats
Jersey # Pos Player % Correct
33 G Adin Hill
93%
93 RW Mitch Marner
93%
9 C Jack Eichel
87%
61 RW Mark Stone
87%
16 RW Pavel Dorofeyev
87%
27 D Shea Theodore
87%
40 G Akira Schmid
80%
19 RW Reilly Smith
80%
71 C William Karlsson
80%
3 D Brayden McNabb
73%
49 LW Ivan Barbashev
73%
15 D Noah Hanifin
73%
5 D Jeremy Lauzon
67%
55 RW Keegan Kolesar
67%
48 C Tomas Hertl
67%
2 D Zach Whitecloud
67%
21 C Brett Howden
60%
17 D Ben Hutton
53%
26 RW Alexander Holtz
47%
20 LW Brandon Saad
47%
10 C Colton Sissons
47%
6 D Kaedan Korczak
47%
23 LW Cole Reinhardt
27%
84 D Jeremy Davies
27%
No matching quizzes found
Score Distribution
Percent of People with Each Score
Percentile by Number Answered
Your Score History
You have not taken this quiz since the last reset